00523nam a2200169Ia 4500999001300000020001800013082002200031245005300053260002600106300001500132504000900147650002800156700001900184700002000203942000700223952012300230 c524d524 a0 00 216329 2 aRR 920.02025 FON; 0aFontana biographical companion to modern thought aLondonbCollinsc1983 axxv, 867p. aref. aBiography - Directories aBullock, Alan  aWoodings, R.B.  cBK 00104070aNASSDOCbNASSDOCd2004-06-08i2004-10-22l0oRR 920.02025 FON;p16683r2019-04-18 00:00:00w2019-04-18yBK